Brincando por la vida / (Registro nro. 7238)

Detalles MARC
000 -LIDER
fixed length control field 00919nam a2200301 a 4500
001 - NÚMERO DE CONTROL
Identificador de número de control 000043985
003 - IDENTIFICACDOR DE NÚMERO DE CONTROL
control field DO-SdBNP
005 - DATE AND TIME OF LATEST TRANSACTION
control field 20180402130245.0
007 - CAMPOS FIJOS DE DESCRIPCIÓN FÍSICA
fixed length control field 000043985
008 - ELEMENTOS DE LONGITUD FIJA
fixed length control field 140512s2014 dr 000 0 spa d
020 ## - ISBN
International Standard Book Number 9789945410747
040 ## - FUENTE DE CATALOGACIÓN
Agencia que crea de manera original el registro BPMSU
Idioma de catalogación spa
Agencia que realiza la transcripción BPMSU
082 04 - NÚMERO DE CLASIFICACIÓN DECIMAL DE DEWEY
Classification number RD867.44
Item number P438b
100 1# - ASIENTO PRINCIPAL -- NOMBRE PERSONAL
Nombre personal Pérez, Mario Emilio,
Fechas asociadas con el nombre 1935-
245 10 - MENCIÓN DE TITULO
Título Brincando por la vida /
Mención de responsabilidad Mario Emilio Pérez.
260 ## - PUBLICACIÓN, DISTRIBUCIÓN, ETC. (PIE DE IMPRENTA)
Lugar de publicación, distribución, etc Santo Domingo, :
Nombre del editor, distribuidor, etc. Letragráfica,
Fecha de publicación, distribución, etc 2014.
300 ## - DESCRIPCIÓN FÍSICA
Extensión 136 p. ;
Dimensiones 22 cm.
490 1# - MENCIÓN DE SERIES
Mención de serie Libros para todos
650 #4 - ENCABEZAMIENTO DE MATERIA--TEMÁTICO
Término temático o nombre geográfico como elemento de entrada HUMORISMO DOMINICANO
650 #4 - ENCABEZAMIENTO DE MATERIA--TEMÁTICO
Término temático o nombre geográfico como elemento de entrada REPÚBLICA DOMINICANA
Subdivisión temática general ANÉCDOTAS, CHITES, SÁTIRAS, ETC.
650 #4 - ENCABEZAMIENTO DE MATERIA--TEMÁTICO
Término temático o nombre geográfico como elemento de entrada SÁTIRA DOMINICANA
650 #4 - ENCABEZAMIENTO DE MATERIA--TEMÁTICO
Término temático o nombre geográfico como elemento de entrada LITERATURA DOMINICANA
830 #0 - ASIENTO SECUNDARIO DE SERIE--TÍTULO UNIFORME
Título uniforme Libros para todos
910 ## - VALIDACIÓN
Validación Validado. Control de calidad MFF
942 ## - ADDED ENTRY ELEMENTS (KOHA)
Source of classification or shelving scheme Dewey Decimal Classification
Koha item type Libros
945 ## - INFORMACIÓN DE PROCESAMIENTO LOCAL
Información de procesamiento local Remanejado para la BNPHU, 2018 / BT
956 ## - LOCAL ELECTRONIC LOCATION AND ACCESS (OCLC)
Nombre de host VMATEO
Número de acceso 10
Información de compresión 20140624
Inicio de sesión BPMSU
Procesador de solicitud 0069
Existencias
Withdrawn status Lost status Source of classification or shelving scheme Damaged status Not for loan Collection code Home library Current library Date acquired Total Checkouts Full call number Barcode Date last seen Price effective from Koha item type
    Dewey Decimal Classification     Colección Dominicana Biblioteca Pública Metropolitana Salomé Ureña Biblioteca Pública Metropolitana Salomé Ureña 01/27/2015   RD867.44 P438b BPMSU15040772 01/27/2015 01/27/2015 Libros